000 00714nam a2200265Ia 4500
003 OSt
005 20220918185145.0
006 a|||||r|||| 00| 0
007 ta
008 220917b |||||||| |||| 00| 0 eng d
024 _a49,922
037 _cTextual
040 _aARTS
_cARTS
_beng
041 _2eng
_aeng
082 _aP:795, M9
100 _aBiguenet John ed
_968066
245 0 _aCraft of translation
260 _aChicago
_bUniv Of Chicago Press
_c1989
300 _axiii,153p.
_ccm.
500 _aIncludes index
650 _aLINGUISTICS
700 _a Schulte RAiner ed
_968067
942 _hP:795, M9
_cTEXL
_2CC
999 _c179522
_d179522